Itäisimmät valtiot - Statistics

Yleistilastot
  • Tätä visaa on pelattu 1 855 kertaa
  • Keskiarvotulos 16 / 20
Vastaustilastot
Pituuspiiri Valtio % Oikein
154,0 Japani
97%
180 Venäjä
94%
168,0 Australia
92%
134,8 Kiina
91%
178,9 Uusi-Seelanti
91%
131,9 Etelä-Korea
88%
130,7 Pohjois-Korea
87%
141,1 Indonesia
82%
167,0 Nauru
76%
179,9 Tuvalu
76%
159,4 Papua-Uusi-Guinea
75%
180 Fidži
73%
172,2 Marshallinsaaret
72%
170,2 Salomoninsaaret
71%
176,8 Kiribati
70%
163,0 Mikronesia
70%
170,2 Vanuatu
70%
179,8 Yhdysvallat
69%
134,7 Palau
67%
127,5 Itä-Timor
59%
Ehtoja vastaavia visoja ei löytynyt
Tulosjakauma
Jokaisen tuloksen saaneiden osuus
Persentiili vastausten määrän mukaan
Tuloshistoriasi
Et ole pelannut tätä visaa